[Event "EICC 2017"]
[Site "Minsk"]
[Date "2017.06.08"]
[Round "9"]
[White "Fedorov, Alexei"]
[Black "Sychev, Klementy"]
[Result "0-1"]
[WhiteElo "2598"]
[BlackElo "2459"]
[Annotator "TA"]
[PlyCount "70"]
[EventDate "2017.??.??"]
[EventCountry "BLR"]
[SourceTitle "playchess.com"]
[Source "ChessBase"]
[SourceQuality "1"]

{[%evp 19,70,4,8,-13,0,0,0,0,7,0,0,-16,0,21,29,10,43,0,1,0,0,0,0,0,0,0,0,0,0,-6,44,44,54,47,54,57,349,347,344,346,329,340,319,292,313,319,316,-8,-8,-10,-5,-317,-296]} 1. e4 e6 2. d4 d5 3. Nc3 Nf6 4. e5 Nfd7 5. Nce2 c5 6. c3 Nc6 7. Nf3 Qa5 {C11: French: Classical System: 4 e5 and 4 Bg5 dxe4} 8. a3 cxd4 9. b4 Qc7 10. cxd4 b5 {LiveBook: 4 Games} 11. Rb1 $146 ({Predecessor:} 11. Nf4 Qb6 12. Rb1 a5 13. bxa5 Rxa5 14. Bd3 Ba6 15. O-O Bxa3 {0-1 (40) Robson,R (2668)-Caruana,F (2817) Saint Louis 2017}) 11... Nb6 12. Nf4 Nc4 13. Be2 a5 {[%cal Ra5b4]} 14. O-O axb4 15. axb4 Bxb4 16. Nh5 $1 Kf8 $1 17. Ne1 h6 18. Nc2 Be7 $1 19. Rxb5 Ba6 20. Rb3 (20. Bxc4 $5 dxc4 21. Rb1 $11) 20... g6 {...N4a5 is the strong threat.} 21. Nf4 Bg5 22. Rh3 {Strongly threatening Nxg6+!} Kg8 23. Nd3 Bxc1 24. Qxc1 Bb5 25. Rxh6 Rxh6 26. Qxh6 Ra2 27. Nde1 $1 Ba4 $2 {[%mdl 8192] [#]} (27... Qe7 $14) 28. Bxc4 $1 $18 Rxc2 ({Reject} 28... dxc4 29. Ne3 $18) 29. Nxc2 Bxc2 30. Bb5 Nxd4 31. Ra1 {White wants to mate with Ra8+.} Qb8 32. Bf1 Be4 33. f3 $2 ({White should play} 33. Ra6 $18) 33... Nxf3+ $1 $11 34. Kh1 Nxe5 35. h3 $2 {[%mdl 8192] [#]} (35. Qf4 $11 {and White has nothing to worry.}) 35... Nf3 $1 {[%mdl 512] Precision: White = 57%, Black = 61%.} 0-1

[Event "EICC 2017"]
[Site "Minsk"]
[Date "2017.06.08"]
[Round "9"]
[White "Kulaots, Kaido"]
[Black "Mindlin, Alon"]
[Result "1-0"]
[WhiteElo "2597"]
[BlackElo "2436"]
[Annotator "TA"]
[PlyCount "81"]
[EventDate "2017.??.??"]
[EventCountry "BLR"]
[SourceTitle "playchess.com"]
[Source "ChessBase"]
[SourceQuality "1"]

{[%evp 27,81,39,39,31,46,39,56,26,44,38,44,37,114,103,88,115,125,114,154,123,205,108,94,132,128,-64,0,0,0,0,52,93,96,107,189,190,182,111,321,320,362,78,285,234,884,850,749,343,29989,29990,29990,29991,29991,29992,29992,29993]} 1. d4 Nf6 2. c4 e6 3. Nc3 d5 4. cxd5 exd5 5. Bg5 Be7 6. e3 Nbd7 {[%cal Bb8d7,Bd7f8,Bf8e6][%mdl 32]} 7. Bd3 c6 8. Nge2 O-O 9. Qc2 Re8 10. O-O Nf8 11. f3 g6 12. Rad1 Ne6 {D36: Queen's Gambit Declined: Exchange Variation: Main line (5 Bg5 c6 6 Qc2)} 13. Bh4 Ng7 (13... b5 14. Bf2 Bb7 15. Nc1 Rc8 16. Nb3 a6 17. Ne2 c5 18. dxc5 Nxc5 19. Nxc5 Bxc5 20. Qd2 {½-½ (59) Wojtaszek,R (2746)-Buhmann,R (2633) Germany 2016}) 14. e4 Be6 {LiveBook: 3 Games. White is slightly better.} 15. h3 Rc8 16. Qc1 $146 ({Predecessor:} 16. b4 a5 17. a3 axb4 18. axb4 Nd7 19. Bxe7 Qxe7 20. Rb1 {1-0 (68) Kobo,O (2480)-Mindlin,A (2428) Tiberias 2016}) 16... Kh8 17. a3 a5 18. Bf2 b5 19. Nf4 Qb6 (19... Nfh5 $14) 20. e5 $16 Nd7 21. Nxe6 fxe6 22. g4 $1 b4 23. Na4 Qb8 (23... Qd8 $16 24. f4 Rf8) 24. h4 (24. Qh6 $18) 24... bxa3 25. h5 $1 (25. bxa3 Qb3 $11) 25... gxh5 26. Kg2 $2 (26. bxa3 $6 Qb3 $11) (26. Qh6 $1 $16 {[%csl Gd3][%cal Rh6h7]} Nf8 27. Kh2) 26... axb2 (26... Rg8 $1 $15 27. Rh1 (27. bxa3 Nf5 $15) (27. Qh6 Nf8 $15) 27... a2) 27. Qh6 $1 $11 {[%csl Gd3][%cal Rh6h7]} Nf8 {Strongly threatening ...Qb3.} 28. f4 Rc7 ({Black should try} 28... hxg4 $11 29. Bxh7 Nxh7) 29. f5 $14 exf5 30. gxf5 $40 {[%mdl 128] White wants a kill.} Qb4 (30... Ba3 $16 {was worth a try.}) 31. f6 $18 {[%csl Gf6][%cal Rh6g7]} Nge6 {[#]} 32. fxe7 ({White should play} 32. Nxb2 $1 $18 Qxb2 33. Kh1) 32... Rcxe7 $2 {[#]} (32... Qxe7 $16 {was necessary.} 33. Nxb2 Qg7+ 34. Qxg7+ Rxg7+ 35. Kh1 Rb8) 33. Bh4 $1 {[%cal Rh4f6]} Rg7+ 34. Kh2 $2 (34. Kh1 $18 {and the rest is easy.} Qxd4 35. Bf6) 34... Kg8 $2 ({Wrong is} 34... Qxa4 $2 35. Bf6 $18) (34... Nd7 $16 35. Qxh5 (35. Bf6 Nxf6 36. exf6 Rf7 $11) 35... Reg8) 35. Bf6 Rg4 $2 (35... Qxd4 36. Qxh5 Qg4 37. Qxg4 Rxg4 38. Nxb2 Nd7) 36. Qxh5 Rg6 37. Rg1 (37. Bxg6 $142 Nxg6 38. Rg1) 37... Qxa4 $2 (37... Qxd4 $18 38. Bxg6 Qf4+ 39. Kh1 hxg6) 38. Bxg6 {White mates.} Nxg6 39. Rxg6+ hxg6 40. Qxg6+ Kf8 41. Rg1 {Precision: White = 49%, Black = 25%.} 1-0

[Event "EICC 2017"]
[Site "Minsk"]
[Date "2017.06.08"]
[Round "9"]
[White "Ponkratov, Pavel"]
[Black "Druska, Juraj"]
[Result "1-0"]
[WhiteElo "2590"]
[BlackElo "2430"]
[Annotator "TA"]
[PlyCount "45"]
[EventDate "2017.??.??"]
[EventCountry "BLR"]
[SourceTitle "playchess.com"]
[Source "ChessBase"]
[SourceQuality "1"]

{[%evp 9,45,-19,25,29,17,19,20,0,-6,-16,-2,-104,-100,-97,-103,-107,-99,-108,-79,-73,-71,-60,-32,-66,-32,-58,-54,-96,146,145,133,131,143,126,12831,12830,5606,3079]} 1. d4 Nf6 2. Bg5 d5 3. Nc3 Bf5 4. f3 h6 5. Bh4 e6 {[#]} (5... c5 $5) (5... c6 6. Qd2 Nbd7 7. e3 e6 8. g4 Bh7 9. Bd3 Bxd3 10. Qxd3 g5 11. Bf2 h5 12. gxh5 g4 13. O-O-O Rxh5 {½-½ (33) Gong,Q (2327)-Huang,Q (2469) China 2013}) 6. e4 $1 {[%mdl 512] D01: Veresov Opening} Bh7 {[%cal Rd5e4]} (6... dxe4 7. fxe4) 7. Bd3 $146 ({Predecessor:} 7. Bxf6 gxf6 8. exd5 exd5 9. Bd3 c6 10. Bxh7 Rxh7 11. Nge2 Bd6 12. Qd3 Rg7 13. Qe3+ {1-0 (35) Sucher,J (2158)-Haertl,S (2102) Feldkirch 2013}) 7... Be7 8. Nge2 {The position is equal.} Nxe4 9. Bxe7 Nxc3 10. bxc3 (10. Bxd8 $11 {remains equal.} Nxd1 11. Bxc7 (11. Rxd1 Bxd3 12. Bxc7 Bxc2 $17) 11... Bxd3 12. Kxd1) 10... Qxe7 $17 11. Bxh7 Rxh7 12. Qd3 Rh8 13. Rb1 c6 14. c4 Na6 15. O-O g6 16. Rb3 Kf8 17. Re1 Kg7 18. Nf4 {Strongly threatening Rxe6!} Rhd8 $2 {[#]} (18... dxc4 $17 {keeps the pressure on.} 19. Qxc4 Rhd8) 19. Rxe6 $1 $16 {[%mdl 512]} fxe6 20. Qxg6+ Kh8 21. Nxe6 ({Don't do} 21. Qxh6+ Qh7 $14) 21... Rd6 $2 {[%mdl 8192]} (21... Rf8 $16 22. Qxh6+ Qh7 23. Qxh7+ Kxh7) 22. Qxh6+ $18 Kg8 23. f4 {Precision: White = 35%, Black = 38%.} 1-0

[Event "EICC 2017"]
[Site "Minsk"]
[Date "2017.06.08"]
[Round "9"]
[White "Can, Emre"]
[Black "Repka, Christopher"]
[Result "1-0"]
[WhiteElo "2589"]
[BlackElo "2452"]
[Annotator "TA"]
[PlyCount "99"]
[EventDate "2017.??.??"]
[EventCountry "BLR"]
[SourceTitle "playchess.com"]
[Source "ChessBase"]
[SourceQuality "1"]

{[%evp 16,99,26,8,16,0,-7,-8,18,21,24,19,25,24,16,16,25,29,17,12,18,9,35,0,12,15,22,0,24,7,0,0,0,0,28,23,21,15,35,35,172,177,203,203,252,246,287,295,281,274,270,204,191,0,237,193,180,193,168,162,197,156,169,186,153,112,112,108,252,198,464,514,497,495,488,473,594,368,562,446,1000,910,864,852,741,723]} 1. d4 d5 2. c4 c6 3. Nf3 Nf6 4. e3 Bf5 5. Nc3 e6 6. Nh4 Bg6 7. Nxg6 hxg6 8. a3 {D12: Slav Defence: 3 Nf3 Nf6 4 e3 Bf5} (8. Bd3 c5 9. Qb3 Qd7 10. cxd5 exd5 11. dxc5 Nc6 12. Bd2 Bxc5 13. Rc1 Rd8 14. Na4 Bd6 15. Nc5 Bxc5 16. Rxc5 {0-1 (34) Wojtaszek,R (2745)-Topalov,V (2741) Shamkir 2017}) 8... Nbd7 9. Bd2 {LiveBook: 5 Games} Bd6 10. c5 {The position is equal.} Bc7 11. f4 b6 $146 ({Predecessor:} 11... g5 12. Bd3 gxf4 13. exf4 Nh5 14. O-O Qh4 15. Qf3 Nhf6 {0-1 (42) Esen,B (2453)-Sarwat,W (2385) Sousse 2007}) 12. b4 {[%cal Bb2b4,Bb4c5][%mdl 32]} bxc5 13. bxc5 Ba5 14. Bd3 $1 Bxc3 15. Bxc3 Ne4 16. Bxe4 $1 dxe4 17. Qa4 Qc7 18. O-O Nf6 19. d5 exd5 {...Ng4 is the strong threat.} 20. Be5 Qc8 {Threatens to win with ...Ng4.} 21. Qd4 (21. f5 $5) 21... O-O 22. Bxf6 (22. f5 $5) 22... gxf6 23. Qxf6 {next f5 is good for White.} Qe6 $1 {[%cal Re6f6]} 24. Qd4 f5 25. Rab1 Rfb8 26. Rb4 Rxb4 27. axb4 $11 {[%cal Ba3b4,Bb4b5][%mdl 4128] Endgame KQR-KQR} Qe7 {[#]} ({Black should try} 27... Kf7 $14) 28. b5 $1 $18 {[%mdl 512]} Qe6 (28... cxb5 29. Qxd5+) 29. Rb1 $1 cxb5 30. Rxb5 {Threatening mate with Rb7.} Qc6 {[#]} 31. Qb2 $1 {Strongly threatening Rb7.} Rf8 32. Rb7 {[%csl Gb7][%cal Rb2g7]} Qf6 33. Qb3 Qc6 34. Qb2 {[%csl Gb7][%cal Rb2g7]} ({Don't take} 34. Rxa7 $6 Qxc5 35. Rd7 Qc6 $16) 34... Qf6 $1 35. Qxf6 Rxf6 36. Rxa7 {KR-KR} Rc6 37. Ra5 Rc8 38. Kf2 Kf7 39. h3 {[%cal Bh2h3,Bh3g4][%mdl 32]} Rb8 40. Ra2 Rc8 41. Rc2 Rc6 {[#]} (41... Ke6 $16) 42. g4 $1 fxg4 $2 (42... Ke6 43. gxf5+ Kxf5) 43. hxg4 Ke6 44. Rc1 Kd7 45. Kg3 Ke6 46. Kh4 Kf6 (46... d4 $142 47. exd4 Kd5) 47. Rc2 {White is clearly winning.} g5+ (47... Rc8 $142 48. c6 Rh8+ 49. Kg3 Ke7) 48. Kg3 Kg6 49. fxg5 Kxg5 50. Rc1 {Precision: White = 70%, Black = 42%.} 1-0

[Event "EICC 2017"]
[Site "Minsk"]
[Date "2017.06.08"]
[Round "9"]
[White "Potkin, Vladimir"]
[Black "Pustovoitova, Daria"]
[Result "1-0"]
[WhiteElo "2588"]
[BlackElo "2420"]
[Annotator "TA"]
[PlyCount "73"]
[EventDate "2017.??.??"]
[EventCountry "BLR"]
[SourceTitle "playchess.com"]
[Source "ChessBase"]
[SourceQuality "1"]

{[%evp 15,73,51,71,71,91,64,75,54,66,57,63,57,63,68,52,29,21,25,70,62,43,56,49,45,46,60,55,50,40,18,41,52,47,29,24,21,221,222,208,211,181,115,145,153,148,108,306,295,500,492,501,501,487,474,488,465,879,866,871,861]} 1. d4 Nf6 2. c4 e6 3. Nf3 Bb4+ 4. Nbd2 O-O 5. a3 Be7 6. e4 d6 {E11: Bogo-Indian} 7. Be2 c5 8. d5 e5 {LiveBook: 9 Games. White is slightly better.} 9. O-O g6 $146 ({Predecessor:} 9... Nbd7 10. Ne1 Ne8 11. Nd3 g6 12. b4 b6 13. a4 a5 14. bxa5 bxa5 {½-½ (71) Ding,L (2753)-Leitao,R (2616) Baku 2016}) 10. Ne1 Ne8 11. Nd3 Ng7 12. b4 {Hoping for bxc5.} b6 13. Bb2 f5 14. f4 exf4 $1 15. Nxf4 {And now exf5 would win.} (15. Bxg7 $5 Kxg7 16. Nxf4 $14 (16. Rxf4 Bg5 $15)) 15... Bf6 16. Qc2 Na6 17. b5 Nc7 18. Bd3 Bxb2 19. Qxb2 fxe4 20. Nxe4 Bf5 21. Rae1 Bxe4 22. Bxe4 Qf6 23. Qxf6 $40 {[%mdl 128] White mounts an attack.} Rxf6 24. Bd3 Re8 {Threatens to win with ...Rxe1.} 25. g3 g5 $2 (25... Rff8 $11) 26. Nh3 $1 $18 {[%cal Rh3g5]} Rxf1+ 27. Rxf1 ({Resist} 27. Kxf1 $6 h6 $14) 27... Re3 28. Rd1 (28. Bb1 $18) 28... Re5 {[#]} 29. Nf2 $1 h5 30. Bg6 Nce8 $2 {[#]} (30... Nf5 $16) 31. Rf1 $1 g4 $2 (31... Nc7 32. Nh3 g4) 32. Ne4 {White is clearly winning.} h4 33. gxh4 Nh5 34. Bxe8 Rxe8 35. Nxd6 Re3 (35... Re7 $142 36. Rf5 Ng7) 36. Rf5 Ng7 37. Rg5 {Precision: White = 67%, Black = 35%.} 1-0

[Event "EICC 2017"]
[Site "Minsk"]
[Date "2017.06.08"]
[Round "9"]
[White "Alekseenko, Kirill"]
[Black "Hakobyan, Aram"]
[Result "1/2-1/2"]
[WhiteElo "2585"]
[BlackElo "2449"]
[Annotator "TA"]
[PlyCount "148"]
[EventDate "2017.??.??"]
[EventCountry "BLR"]
[SourceTitle "playchess.com"]
[Source "ChessBase"]
[SourceQuality "1"]

{[%evp 18,148,22,14,53,58,53,32,47,32,33,24,44,0,54,60,62,35,40,-28,-28,-28,-33,-45,-27,-76,0,-40,19,-40,-39,-32,18,14,17,-19,-16,-26,-18,-35,152,112,132,122,131,135,125,60,149,143,133,151,150,138,192,177,177,176,178,174,287,234,241,231,219,210,210,156,190,179,183,173,156,158,312,322,309,287,244,154,154,154,154,154,143,150,134,112,108,0,0,0,68,0,0,0,0,0,0,0,0,0,0,0,0,0,0,0,0,0,0,0,0,0,0,0,0,0,0,0,0,0,0,0,0,0,0,0,281,285,285,0,0]} 1. e4 e5 2. Nf3 Nc6 3. Bb5 a6 4. Ba4 Nf6 5. d3 d6 6. c3 Bd7 7. Nbd2 g6 8. Nf1 Bg7 9. Ng3 O-O {C77: Ruy Lopez: 3...a6 4 Ba4 Nf6, unusual lines} 10. O-O {LiveBook: 26 Games} Kh8 11. h3 Qe8 {White is slightly better.} 12. Bc2 Ng8 $146 ({Predecessor:} 12... d5 13. exd5 Nxd5 14. Bb3 Nb6 15. Be3 f5 16. Bc5 Rf6 17. Re1 {½-½ (45) Smirin,I (2659)-Ernst,S (2512) Fuegen 2006}) 13. d4 f5 14. exf5 gxf5 15. Nh4 {[%cal Rh4f5]} e4 (15... f4 $1 $11 16. Ngf5 (16. Qd3 Nf6 $11) 16... Bf6) 16. Nh5 $14 Qe7 17. Nxg7 Qxg7 18. d5 (18. Bf4 $14) 18... Ne5 $11 19. Bf4 Ne7 20. f3 Bb5 21. Re1 Nd3 (21... N5g6 $17 22. Bg5 Nxh4 23. Bxh4 Ng6) 22. Be3 (22. Bxd3 $5 Bxd3 23. Qd2 $11) 22... Kg8 (22... Nxe1 $15 23. Qxe1 c5 24. dxc6 Nxc6) 23. fxe4 ({White should try} 23. Bxd3 $11 Bxd3 24. Qd2) 23... Nxe1 $15 24. Qxe1 f4 (24... fxe4 $5 {[%cal Rf8f1]} 25. Bd4 Qg5 26. Qxe4 Rf7 $15) 25. Bd4 Qg5 26. e5 Rae8 27. Nf3 {[%cal Bh4f3,Bf3h2,Bh2g4][%mdl 32]} Qh6 28. Nh2 dxe5 $2 (28... Nxd5 29. Ng4 $18) (28... c5 $15 {stays ahead.} 29. Ng4 Qg5) 29. Ng4 Qg5 30. Qxe5 Qxe5 31. Bxe5 $40 {[%cal Rg4h6][%mdl 128] White goes for the king.} Nf5 32. Bb3 (32. Bxc7 $6 Ne3 $11) (32. Re1 $16 h5 33. Bxf5 hxg4 34. Bxg4 (34. hxg4 Rxf5 35. gxf5 Bc4 $16)) 32... h5 ({Black should play} 32... Kf7 $1 $14) 33. Nf6+ $16 Rxf6 34. Bxf6 Nd6 35. Bg5 Rf8 (35... a5 $16 {was called for.} 36. Rc1 (36. Bxf4 a4 $16) 36... a4) 36. Re1 f3 37. gxf3 Rxf3 38. h4 Rg3+ (38... Bc4 {was worth a try.} 39. Bxc4 Nxc4) 39. Kh2 Rd3 40. Re7 Bc4 41. Bxc4 Nxc4 42. Rxc7 Nxb2 43. Rxb7 $18 {[%mdl 4096] Endgame KRB-KRN} Nc4 44. Rc7 Ne5 45. Rc5 Nd7 $2 (45... Kf7 $16 {keeps fighting.} 46. Kg2 Kg6) 46. Rc8+ Kf7 47. c4 {[%cal Bc3c4,Bc4c5,Bc5c6,Bc6c7][%mdl 32]} Ne5 48. Kg2 Rd4 49. c5 Rxd5 50. c6 $1 {[%cal Rc6c7] And now c7 would win.} Rc5 51. c7 Ng6 52. Kf2 Ne7 {[#]} 53. Bxe7 (53. Rh8 $1 $16 {[%cal Rh8h7] Black must now prevent Rh7+.} Rxc7 54. Rh7+ (54. Rxh5 Rc2+ 55. Kf3 Nf5 $14) 54... Ke6 55. Bxe7 (55. Rxh5 Rc2+ 56. Kf3 Nf5 $11)) 53... Kxe7 $16 {KR-KR} 54. Kg3 Rc4 (54... Kd7 $11 55. Ra8 Rxc7) 55. Ra8 (55. Rg8 $14 Rxc7 56. Rg7+ Kd8 57. Rxc7 Kxc7 58. Kf4) 55... Rxc7 $11 56. Rxa6 Rc4 57. a4 Kf7 58. Ra5 Rg4+ 59. Kh3 Rb4 60. Ra8 Kf6 61. a5 Rb3+ 62. Kg2 Ra3 63. Kf2 {aiming for a6.} Ra4 64. Kg3 {a6 is the strong threat.} Rg4+ 65. Kh3 Ra4 66. Rf8+ Ke6 67. Re8+ (67. a6 $5 {[%cal Rf8a8]}) 67... Kf6 68. Ra8 Kg7 69. Ra7+ (69. Ra6 $5 {[%cal Ra6a8]}) 69... Kg6 70. a6 Ra3+ 71. Kg2 {Threatens to win with Ra8.} Ra4 72. Ra8 {Hoping for Kf2.} (72. Kf3 $5 {[%cal Ra7a8]}) 72... Kg7 $2 {[%mdl 8192]} (72... Ra3 $11) 73. Kg3 Rg4+ {[#]} 74. Kf3 $2 (74. Kh3 $1 $18) 74... Rxh4 {Precision: White = 56%, Black = 57%.} 1/2-1/2

[Event "EICC 2017"]
[Site "Minsk"]
[Date "2017.06.08"]
[Round "9"]
[White "Jojua, Davit"]
[Black "Lenic, Luka"]
[Result "1/2-1/2"]
[WhiteElo "2581"]
[BlackElo "2641"]
[Annotator "TA"]
[PlyCount "51"]
[EventDate "2017.??.??"]
[EventCountry "BLR"]
[SourceTitle "playchess.com"]
[Source "ChessBase"]
[SourceQuality "1"]

{[%evp 27,51,33,33,9,25,30,58,27,22,35,28,34,10,11,13,13,8,13,3,6,20,12,18,3,7,0]} 1. d4 Nf6 2. c4 e6 3. g3 d5 4. Nf3 Be7 5. Bg2 O-O 6. O-O c6 7. Qc2 b6 8. Nbd2 Bb7 9. e4 Na6 10. a3 {E06: Closed Catalan: Early deviations} c5 11. exd5 exd5 12. dxc5 (12. Rd1 Rc8 13. dxc5 Nxc5 14. b4 Ne6 15. Bb2 dxc4 16. Nxc4 Qc7 17. Rac1 Qb8 {1-0 (70) Nakamura,H (2785)-Yu,Y (2738) Caleta 2017}) 12... Nxc5 13. b4 Ne6 14. Bb2 Rc8 {[#] LiveBook: 5 Games. And now ...dxc4 would win.} 15. Ne5 Qc7 16. Rac1 {[#]} Nd7 $146 ({Predecessor:} 16... dxc4 17. Qxc4 Qd6 {½-½ (87) Otero Acosta,D (2430)-Quesada Perez,Y (2533) Villahermosa 2016}) 17. Qf5 d4 $1 ({Don't blunder} 17... g6 $2 {[#]} 18. Nxf7 $1 {[%mdl 512]} Bf6 19. Qxe6 $18) 18. Bxb7 Qxb7 19. Nef3 a5 20. Nxd4 {The position is equal.} Nxd4 21. Bxd4 axb4 22. axb4 Bxb4 23. Ne4 Qc6 24. Rfd1 {Threatens to win with Bxg7!} Rfd8 25. Bb2 Qg6 26. Qxg6 {Precision: White = 54%, Black = 65%.} 1/2-1/2

[Event "EICC 2017"]
[Site "Minsk"]
[Date "2017.06.08"]
[Round "9"]
[White "Mastrovasilis, Dimitrios"]
[Black "Zhigalko, Sergei"]
[Result "1/2-1/2"]
[WhiteElo "2580"]
[BlackElo "2643"]
[Annotator "TA"]
[PlyCount "44"]
[EventDate "2017.??.??"]
[EventCountry "BLR"]
[SourceTitle "playchess.com"]
[Source "ChessBase"]
[SourceQuality "1"]

{[%evp 14,44,6,-5,10,-1,1,15,15,-4,-5,0,-9,-15,-5,-11,26,29,29,27,27,24,26,24,39,-6,-10,-46,-20,-26,0,0,0]} 1. e4 c5 2. Nf3 Nc6 3. d4 cxd4 4. Nxd4 Nf6 5. Nc3 e5 6. Ndb5 {[%cal Bd4b5,Bb5a3,Ba3c4][%mdl 32]} d6 7. Na3 Be6 {B33: Sicilian: Pelikan and Sveshnikov Variations} 8. Bg5 {LiveBook: 4 Games} Be7 $1 9. Nc4 O-O 10. Bxf6 Bxf6 11. Nd5 $146 ({Predecessor:} 11. Qxd6 Nd4 12. Qxd8 Rfxd8 13. Ne3 Bg5 14. Bd3 Rac8 15. O-O-O {1-0 (50) Bauer,C (2592)-Bacrot,E (2705) Paris 2009}) 11... Bg5 12. h4 Bh6 13. g4 {[#] Threatens to win with g5.} Bf4 14. c3 $1 Bxd5 15. Qxd5 Qd7 16. Be2 Rad8 17. Rd1 $36 {[%mdl 2048] White has good play.} Qc7 18. Rh3 Ne7 19. Qa5 Qc6 20. Qxa7 Qxe4 {next ...Nc8 is good for Black.} (20... h5 $5 21. Qb6 Qxe4 22. gxh5 d5 $11) 21. Kf1 $1 Qc6 22. Na5 $1 {[%cal Ra5c6]} Qa4 {Precision: White = 81%, Black = 50%.} 1/2-1/2

[Event "EICC 2017"]
[Site "Minsk"]
[Date "2017.06.08"]
[Round "9"]
[White "Antipov, Mikhail Al"]
[Black "Pavlov, Sergey"]
[Result "1-0"]
[WhiteElo "2576"]
[BlackElo "2432"]
[Annotator "TA"]
[PlyCount "97"]
[EventDate "2017.??.??"]
[EventCountry "BLR"]
[SourceTitle "playchess.com"]
[Source "ChessBase"]
[SourceQuality "1"]

{[%evp 9,97,51,55,19,17,31,32,8,20,12,22,15,18,18,16,0,18,-2,26,25,6,18,18,16,57,59,72,67,60,60,89,82,83,93,90,86,96,87,103,103,104,104,104,104,105,102,102,102,104,103,106,95,95,96,95,87,103,97,98,93,128,114,225,219,219,227,316,331,452,302,660,633,614,558,1397,1342,1383,1347,1397,1372,1331,1153,1025,927,1989,1258,1885,1868,12845,12845]} 1. e4 Nf6 2. e5 Nd5 3. d4 d6 4. Nf3 dxe5 5. Nxe5 c6 6. Nc3 {B04: Alekhine's Defence: 4 Nf3} (6. Be2 {with more complications.} Nd7 7. c4 Nxe5 8. cxd5 Ng6 9. dxc6 bxc6 10. O-O) (6. Be2 Bf5 7. O-O Nd7 8. Nf3 e6 9. c4 N5f6 10. Nc3 Ne4 11. Qb3 Nxc3 12. bxc3 Qc7 13. Nh4 Bg6 14. g3 {0-1 (36) Wang,H (2680)-Markus,R (2652) Novi Sad 2016}) 6... Nxc3 7. bxc3 Nd7 8. f4 $146 {White is slightly better.} ({Predecessor:} 8. Nf3 Nf6 9. Bc4 Bf5 10. Ne5 e6 11. Rb1 Qc7 12. O-O Bd6 13. Qe2 O-O {½-½ (47) Ristic,N (2437)-Foglia,M (2113) Campobasso 2013}) 8... Nxe5 9. fxe5 Qd5 10. Qd3 g6 11. c4 Qd8 12. Bf4 Bg7 (12... Bf5 $5 {[%cal Rf5d3]} 13. Qd2 Bxc2 $11) 13. Qe3 O-O 14. Bd3 Qa5+ 15. Qd2 Qxd2+ 16. Kxd2 f6 17. Rae1 fxe5 18. Bxe5 Bh6+ 19. Kc3 Bf5 20. Be2 Rad8 21. Bf3 Rf7 22. Re2 Bg7 23. Rb1 Bc8 24. a4 Bxe5 25. Rxe5 Kf8 26. a5 a6 27. c5 e6 28. Kd3 Rf5 {aiming for ...Rxe5.} 29. Rbe1 Ke7 30. Bg4 Rxe5 31. Rxe5 $16 {[%mdl 4096] Endgame KRB-KRB} Rf8 32. Re1 Rf4 33. Bf3 g5 34. h3 Kf6 35. Bg4 Ke7 (35... Bd7 $16 36. Ke3 Kg6) 36. c4 $1 $18 {[%cal Bc2c4,Bc4d5,Bd5d6][%mdl 32]} Rf2 {[#]} 37. d5 $1 cxd5 38. cxd5 Rxg2 39. Bxe6 Kd8 $2 (39... Bxe6 40. Rxe6+ Kd8) 40. Bxc8 {White is clearly winning.} Kxc8 {KR-KR} 41. d6 Ra2 42. Re8+ Kd7 43. Re7+ Kc8 44. Rc7+ Kb8 45. Rxh7 {Intending Rh8+ and mate.} Kc8 46. Kd4 Rxa5 47. Rh8+ ({Less strong is} 47. Rc7+ Kb8 $18) 47... Kd7 48. Rb8 Rb5 {[#]} 49. Kd5 $1 {Precision: White = 78%, Black = 43%.} 1-0